LEADER 00779nam a2200169 i 4500 001 000000221049 003 CaOOAMICUS 005 20130613000000.0 008 130613s1893 xx u000 u lat u 013 $a199946 040 $aSeMil$bita 245 10$aCommentaria etc. 300 $aXXI, 375 p. 773 0 $tSynodus dioecesana quam novis temporum necessitatibus accomodatam scripsit constituit et celebravit in sua cathedrali ecclesia Fridericus Foschi dei et apostolicae sedis gratia episcopus cerviensium die 15., 16. et 13. calendas novembris anno 1892.$dRomae : Typis Vaticanis, 1893.$gPars altera2$w()7943 850 $aSeMil 852 $aSeMil$W1$xVenegono$y1$m2J III 46 FA$j171403$B171403$CSeMilBibl$Z2$F181839 $8I 996 $6245$aCommentaria etc$9(OLS)http://semarc/title/316892 LEADER 01083nam a2200277 i 4500 001 000000123439 003 CaOOAMICUS 005 20040405000000.0 008 040405s1986 gw u000 u ger u 013 $a96135 020 $a3-363-00006-5 040 $aSeMil$bita 100 1 $aMartynowa, Marina.$0(OLS)http://semarc/name/51245 245 14$aDer Kreml /$cvon Marina Martynowa und Walentin Tschorny. 260 $aLeipzig :$bVEB E. A. Seemann Verlag,$ccopyr. 1986. 300 $a381 p. :$briccamente ill. ;$c31 cm. 500 $aFondo Card. C.M. Martini. 650 4$aMosca - Cremlino.$0(OLS)http://semarc/subject/23557 700 1 $aTschorny, Walentin.$0(OLS)http://semarc/name/51246 850 $aSeMil 852 $aSeMil$W1$xVenegono$y1$m5M VII 53$j78166$B78166$CSeMilBibl$Z2$F81687 $8I 941 1 $a4 961 $aOmaggio: Martini Card. Carlo Maria 996 $6020$a3-363-00006-5$9(OLS)http://semarc/number/109045 996 $6245$aDer Kreml$9(OLS)http://semarc/title/181544 996 $6260$aLeipzig :$bVEB E. A. Seemann Verlag$9(OLS)http://semarc/publisher/46218